Kto to jest? WERSJA POLACY - Statystyki

Ogólne statystyki
  • Ten quiz został rozwiązany 90 razy
  • Średni wynik to 10 z 20
Statystyki odpowiedzi
Obrazkowy Odpowiedź % Poprawnych
Kamil Stoch
93%
Mikołaj Kopernik
75%
Robert Lewandowski
75%
Adam Małysz
70%
Maria Skłodowska Curie
70%
Wojciech Szczęsny
70%
Dawid Kubacki
62%
Zbigniew Boniek
62%
Józef Piłsudski
59%
Marcin Gortat
59%
Robert Kubica
59%
Adam Mickiewicz
57%
Fryderyk Chopin
51%
Kazimierz Deyna
51%
Tadeusz Kościuszko
39%
Bolesław I Chrobry
20%
Henryk Sienkiewicz
20%
Ignacy Krasicki
19%
Jadwiga Świątek
7%
Jan Brzechwa
7%
Nie znaleziono quizów pasujących do podanych kryteriów
Rozkład punktacji
Procent ludzi z każdym wynikiem
Percentyl według liczby udzielonych odpowiedzi
Twoja historia wyników
Nie rozwiązałeś tego quizu